000 00875cam a2200229 a 4500
001 000005773
005 20200929151758.0
008 740218s1967 uy 001 p spa
040 _aDO-SdBNP
_cPPT
_dDLC
082 _aU861.3
_bL615
100 1 _aLerena Acevedo, Andrés Hector,
_d1895-1920.
_916343
245 1 0 _aPraderas soleadas, y otros poemas /
_cAdrés Héctor Acevedo Lerena ; prólogo, Giselda Zani.
260 _aMontevideo, Uruguay :
_bMinisterios de Instrucción Pública y Previsión Social,
_c1967.
300 _axxxvi, 104 p. ;
_c19 cm.
490 0 _aBiblioteca Artigas.
490 0 _aClásicos uruguayos
_v120.
650 4 _aPoesía uruguaya
_93846
650 4 _aLiteratura uruguaya
_ySIGLO XIX
_916344
700 1 _aZani, Giselda,
_epról.
_916345
830 0 _aBiblioteca Artigas.
_pClásicos uruguayos ;
_v120.
_916276
910 _aCatalogación por copia / LC
999 _c5569
_d5569